000
00326 a2200133 4500
001
154093
040
_c
Escola São Tomás de Aquino
100
_a
COELHO, Marco Antonio Tavares
240
1
0
_a
Herança de um sonho
_l
por
245
1
0
_a
Herança de um sonho
440
1
_a
Record
697
_a
LITERATURA BRASILEIRA
942
_c
BK
999
_c
154093
_d
154093